000 00482nam a2200145Ia 4500
008 170221s9999 xx 000 0 und d
100 _aHanna Vuojärvi
245 _aDesigning and Implementing a CSCL-based Course on the Data Security of a Wireless Learning Environment
245 _cHanna Vuojärvi
260 _bOnline Journal of Communication and Media Technologies
260 _c2015
650 _xCommunication
650 _xMedia Arts
856 _uhttp://www.ojcmt.net/
999 _c309207
_d309207